000 00355 a2200157 4500
001 59737
020 _a9783190116799
040 _cAnchieta - Pituba
100 _aAlberti, Josef
240 1 0 _aPlanet 2
_ldeu / ger
245 1 0 _aPlanet 2
300 _a128
362 0 _a2005
650 4 _aLínguas germânicas (teutônicas) língua alemã
942 _cBK
999 _c59737
_d59737